Statystyki dla Zwycięzcy Pucharu świata w lotach narciarskich

Kliknij tutaj aby rozwiązać quiz!

Ogólne statystyki

  • Ten quiz został rozwiązany 56 razy
    (24 od ostatniego zresetowania)
  • Średni wynik to 19 z 26

Statystyki odpowiedzi

SezonZdobywca% Poprawnych
2014/2015Peter Prevc
100%
2015/2016Peter Prevc
100%
2013/2014Peter Prevc
100%
2022/2023Stefan Kraft
100%
2019/2020Stefan Kraft
100%
2016/2017Stefan Kraft
100%
2018/2019Ryoyu Kobayashi
95%
2008/2009Gregor Schlierenzauer
81%
2012/2013Gregor Schlierenzauer
81%
2010/2011Gregor Schlierenzauer
81%
1995/1996Andreas Goldberger
76%
1994/1995Andreas Goldberger
76%
2020/2021Karl Geiger
76%
2000/2001Martin Schmitt
76%
1998/1999Martin Schmitt
76%
2009/2010Robert Kranjec
76%
2011/2012Robert Kranjec
76%
2017/2018Andreas Stjernen
71%
1996/1997Primoz Peterka
71%
1999/2000Sven Hannawald
62%
1997/1998Sven Hannawald
62%
2021/2022Ziga Jelar
62%
1993/1994Jaroslav Sakala
38%
1992/1993Jaroslav Sakala
38%
1990/1991Stephan Zuend
19%
1991/1992Werner Rathmayr
19%

Rozkład punktacji

Percentyl według liczby udzielonych odpowiedzi

Procent ludzi z każdym wynikiem

Twoja historia wyników

Nie rozwiązałeś tego quizu od ostatniego zresetowania